=LDR 00000nam 2200000 4500 =001 INLIS000000000017907 =005 20130612113114 =008 ***********************************Ind** =035 ##$$0010-061300000017907 =041 ##$$a Ind =082 ##$$a 004 =090 ##$$a 004, Rus p =100 ##$$a Rusmadi, Dedy =245 ##$$a Penggunaan dan perawatan komputer serta penanggulangan virus, disusun oleh Dedy Rusmadi =260 ##$$a 2003 $b Bandung =300 ##$$a 144 hlm, ilus, 21 cm =650 ##$$a Komputer-Penggunaan =850 ##$$a NBPNMAT